Central Library OPAC University of Rajshahi

সূর্য-দীঘল বাড়ী / (Record no. 44878)

MARC details
000 -LEADER
fixed length control field 00802nam a2200241 a 4500
001 - CONTROL NUMBER
control field 44878
003 - CONTROL NUMBER IDENTIFIER
rucl marc code BD-RjUL
005 - DATE AND TIME OF LATEST TRANSACTION
control field 20211209053930.0
008 - FIXED-LENGTH DATA ELEMENTS--GENERAL INFORMATION
fixed length control field 160720s1962 bg ||||| |||| 00| 0 ben d
020 ## - INTERNATIONAL STANDARD BOOK NUMBER
Terms of availability : PRs 3.50
035 ## - SYSTEM CONTROL NUMBER
System control number (BD-RjUL)44996
040 ## - CATALOGING SOURCE
Original cataloging agency BD-RjUL
Language of cataloging ben
Transcribing agency BD-RjUL
041 ## - LANGUAGE CODE
Language code of text/sound track or separate title ben
082 ## - DEWEY DECIMAL CLASSIFICATION NUMBER
Edition number 23
Classification number 891.443
Author mark and year ISS 1962
100 ## - MAIN ENTRY--PERSONAL NAME
Personal name ইসহাক, আবু
9 (RLIN) 125879
245 10 - TITLE STATEMENT
Title সূর্য-দীঘল বাড়ী /
Statement of responsibility, etc. আবু ইসহাক
250 ## - EDITION STATEMENT
Edition statement ১ম পাক. সং.
260 ## - PUBLICATION, DISTRIBUTION, ETC. (IMPRINT)
Place of publication, distribution, etc. ঢাকা :
Name of publisher, distributor, etc. নওরোজ কিতাবস্থান,
Date of publication, distribution, etc. ১৯৬২
300 ## - PHYSICAL DESCRIPTION
Pagination ১৯৫ পৃ. ;
Size ২১ সেমি.
650 ## - SUBJECT ADDED ENTRY--TOPICAL TERM
Topical term or geographic name as entry element বাংলা উপন্যাস
9 (RLIN) 125880
Topical term or geographic name as entry element Bengali Fiction
9 (RLIN) 125881
942 ## - ADDED ENTRY ELEMENTS (KOHA)
Source of classification or shelving scheme Dewey Decimal Classification
Koha item type Books
Holdings
Lost status Source of classification or shelving scheme Damaged status Not for loan Collection code Permanent Location Current Location Shelving location Date acquired Source of acquisition Cost, normal purchase price Total Checkouts Full call number Date last seen Date checked out Copy number Koha item type
  Dewey Decimal Classification     Fiction Central Library, University of Rajshahi Central Library, University of Rajshahi   12/02/1968 Ideal 3.50 2 B 891.443 ISS 1962 25/08/2024 02/06/2024 C-2 Books
  Dewey Decimal Classification     Fiction Central Library, University of Rajshahi Central Library, University of Rajshahi   12/02/1968 Ideal Library, Dhaka 3.50   B 891.443 ISS 1962 22/08/2016   C-3 Books
  Dewey Decimal Classification     Fiction Central Library, University of Rajshahi Central Library, University of Rajshahi   12/02/1968 Ideal Library, Dhaka 3.50   B 891.443 ISS 1962 22/08/2016   C-4 Books
  Dewey Decimal Classification     Fiction Central Library, University of Rajshahi Central Library, University of Rajshahi   12/02/1968 Ideal Library, Dhaka 3.50   B 891.443 ISS 1962 22/08/2016   C-5 Books
  Dewey Decimal Classification     Fiction Central Library, University of Rajshahi Central Library, University of Rajshahi   12/02/1968 Ideal Library, Dhaka 3.50   B 891.443 ISS 1962 22/08/2016   C-6 Books
  Dewey Decimal Classification     Fiction Central Library, University of Rajshahi Central Library, University of Rajshahi   12/02/1968 Ideal Library, Dhaka 3.50   B 891.443 ISS 1962 22/08/2016   C-7 Books
  Dewey Decimal Classification     Fiction Central Library, University of Rajshahi Central Library, University of Rajshahi   12/02/1968 Ideal Library, Dhaka 3.50   B 891.443 ISS 1962 22/08/2016   C-8 Books
  Dewey Decimal Classification     Fiction Central Library, University of Rajshahi Central Library, University of Rajshahi   04/02/1967 Nawroge kitabstan, Dhaka 3.50   B 891.443 ISS 1962 20/11/2016   C-9 Books